000 00435nam a2200169Ia 4500
008 231217s9999 xx 000 0 und d
041 _aEnglish
082 _a374.22 CHO;1 R
100 _aChopra, Ravi
245 0 _aGroup discussion and speech test for interviews
250 _aIV ed.
260 _bRadhika
_aNew Delhi
300 _a291
400 _aBase book series
650 _aGroup,discussion,interviews
942 _cAA
999 _c175638
_d175638